| 000 | 01736cam a22004574i 4500 | ||
|---|---|---|---|
| 003 | PE-LiUPU | ||
| 005 | 20250731173321.0 | ||
| 008 | 150625s r 000 0 d | ||
| 020 | _a085364876X | ||
| 035 | _a(Sirsi) i9780853648765 | ||
| 040 |
_aPE-LiUPU _bspa _cPE-LiUPU _erda |
||
| 049 | _aPRUA | ||
| 082 | 0 | 4 |
_a251 _bF76 _221 |
| 100 | 1 |
_aForsyth, P. T., _eautor. |
|
| 245 | 1 | 0 |
_aPositive preaching and the modern mind / _cP.T. Forsyth. |
| 250 | _a3a | ||
| 264 | 1 |
_aCumbria, CA : _bPaternoster, _c1949. |
|
| 300 |
_a236 páginas ; _c20 centímetros |
||
| 336 |
_atext _2rdacontent |
||
| 337 |
_aunmediated _2rdamedia |
||
| 338 |
_avolume _2rdacarrier |
||
| 505 | 0 | _aThe preacher and his charter. -The authority of the preacher. -The preacher and his church; or, preaching as worship. -The preacher and the age. -The preacher and religious reality. -Preaching positive and liberal. -Preaching positive and modern. -The preacher and modern ethic. -The moral poignancy of the cross. | |
| 526 | _aSEG42 | ||
| 526 | _aSEG41 | ||
| 526 | _aSEG40 | ||
| 526 | _aSEG39 | ||
| 526 | _aP94 | ||
| 526 | _aP87 | ||
| 526 | _aP86 | ||
| 526 | _aP85 | ||
| 526 | _aP77 | ||
| 526 | _aP76 | ||
| 526 | _aP35 | ||
| 541 | _g438621; | ||
| 650 | 0 | 4 | _aPredicación. |
| 942 |
_2ddc _cBOOK |
||
| 949 |
_a251 F76 _wDEWEY _c1 _i57563 _lCCODEBUL1 _mBUL _p9.00 _r0 _sY _tBOOK _u2015-6-25 _xTEOLOGIA _PP35 _0COMPRA _o.STAFF. Colección General |
||
| 994 |
_aC0 _bPEPRU |
||
| 596 | _a1 | ||
| 999 |
_a251 F76 _wDEWEY _c46585 _i57563 _f2021-11-10 _g5 _lCCODEBUL1 _mBUL _p9.00 _r0 _sY _tBOOK _u2015-6-25 _xTEOLOGIA _PP35 _0COMPRA _o.STAFF. Colección General _d46585 |
||
| 980 |
_81 _gALBERTO SANCHEZ Responsable de Automatización |
||